|
|
|
|
| LEADER |
00000nkm a2200000 a 4500 |
| 001 |
vtls011987936 |
| 003 |
SK-MaSNL |
| 005 |
20260331212426.0 |
| 007 |
kf co |
| 008 |
231120s1976 xo g kuslo |
| 015 |
|
|
|a SNBG1976
|
| 035 |
|
|
|a urn:nbn:sk:snk-km00eip0
|
| 035 |
|
|
|a urn:nbn:sk:snk-km45ws3
|
| 035 |
|
|
|a 0B9EFA99-7427-48AC-BB6A-51812AC1B618
|
| 040 |
|
|
|a SNK
|b slo
|c SNK
|e AACR2
|
| 041 |
0 |
|
|a slo
|
| 043 |
|
|
|a e-xo---
|
| 044 |
|
|
|a xo
|c SK
|
| 072 |
|
7 |
|a 913
|x Regionálna geografia
|2 konspekt
|
| 080 |
|
|
|a 728.61
|2 2011
|
| 080 |
|
|
|a (084.121)
|2 2011
|
| 080 |
|
|
|a 72
|2 2011
|
| 080 |
|
|
|a 694.1
|2 2011
|
| 080 |
|
|
|a 913(437.6)
|2 2011
|
| 080 |
|
|
|a 551.24.055
|2 2011
|
| 080 |
|
|
|a (234.372)
|2 2011
|
| 080 |
|
|
|a 908(437.6)
|2 2011
|
| 100 |
1 |
|
|a Sekera, Miroslav
|c (fotograf)
|4 pht
|9 364682
|
| 245 |
1 |
0 |
|a Chata Zázrivá
|h grafika
|c foto: M. Sekera
|
| 246 |
1 |
|
|i Názov na adresnej časti:
|a Ubytovacie chatky
|
| 246 |
1 |
|
|i Názov na adresnej časti:
|a Zázrivá - ľudová architektúra
|
| 246 |
1 |
|
|i Názov na adresnej časti:
|a Chata Zázrivá
|
| 246 |
1 |
|
|i Názov na adresnej časti:
|a Veľký Rozsutec
|
| 260 |
|
|
|a Bratislava
|b ČSTK-Pressfoto
|c 1976
|e Skalica
|f Grafobal
|
| 300 |
|
|
|a 1 pohľadnica (4 čiastkové pohľady)
|b farebná
|c 11 x 15 cm
|
| 500 |
|
|
|a Názvové údaje prevzaté z obrazovej časti pohľadnice
|
| 520 |
8 |
|
|a Zobrazenie: Štyri čiastkové pohľady, každý v bielom orámovaní, všetky spolu na červenom podklade, uprostred je erb s písmenom R uprostred a nápisom Dolný Kubín. Všetky štyri pohľady zobrazujú zasneženú krajinu. Tri pohľady na chaty v pozadí s okolitou prírodou, jeden z nich je pohľad na chatu Zázrivá. Pohľad na skalnatý vrch Rozsutec, v popredí je nedotknutý sneh, vpravo dva stromy bez lístia
|
| 650 |
0 |
7 |
|a chaty
|2 SNKPH
|9 29339
|
| 650 |
0 |
7 |
|a ľudová architektúra
|2 SNKPH
|9 2956
|
| 650 |
0 |
7 |
|a drevené stavby
|2 SNKPH
|9 2987
|
| 650 |
0 |
7 |
|a vrchy a štíty
|2 SNKPH
|9 165131
|
| 651 |
|
7 |
|a Národná prírodná rezervácia Rozsutec (Slovensko)
|2 SNKPHgeo
|9 18951
|
| 651 |
|
7 |
|a Zázrivá (Slovensko)
|2 SNKPHgeo
|9 58720
|
| 651 |
|
7 |
|a Veľký Rozsutec (Malá Fatra, Slovensko : vrch)
|2 SNKPHgeo
|9 56715
|
| 655 |
|
7 |
|a miestne pohľadnice
|2 SNKPH
|9 70510
|
| 655 |
|
7 |
|a geografické pohľadnice
|2 SNKPH
|9 70522
|
| 852 |
|
|
|a Slovenská národná knižnica
|
| 958 |
|
|
|a GC
|
| 958 |
|
|
|a OND
|
| 958 |
|
|
|a GBN
|
| 958 |
|
|
|a EUIPO
|
| 999 |
|
|
|c 781306
|d 783236
|
| 952 |
|
|
|a SNK
|b SNK
|y PREZ
|7 0
|p 17A1438651
|o snkSP 129729 D1
|0 0
|1 0
|4 0
|d 2022-06-02
|l 0
|r 2026-02-24 01:04:55
|w 2026-02-24
|
| 952 |
|
|
|a SNK
|b SNK
|y PREZ
|7 0
|p 17A1438768
|o snkSP 129729 D2
|0 0
|1 0
|4 0
|d 2022-06-02
|l 0
|r 2026-02-24 01:04:55
|w 2026-02-24
|
| 952 |
|
|
|a SNK
|b SNK
|y PREZ
|7 0
|p 17A1380469
|o snkSP 129729
|0 0
|1 0
|4 0
|d 2020-08-18
|f 1
|l 0
|r 2026-02-24 01:04:55
|w 2026-02-24
|